000 01192nam a22003137a 4500
003 CHAP
005 20220817043022.0
008 971010s1986 r 00010 d
010 _a62944
011 _a63916
035 _a68653
040 _cCHAP
082 0 4 _a301.444
_bO8
100 0 0 _aOswald Spring, Ursula.
_984301
245 1 _aCampesinos protagonistas de su historia
_b: La Coalición de los Ejidos Colectivos de los Valles del Yaqui y Mayo : una salida a la cultura de la pobreza
260 _aMéxico, D. F. :
_bUAM. Unidad Xochimilco,
_c1986
300 _a454 p.
_b: ilus; gráfs., mapas (Ensayos; 513)
590 _aBATCH-UPD
_b10
_c20130110
_lUCH01
_h1827
590 _aBATCH-UPD
_b10
_c20130410
_lUCH01
_h1200
590 _aBATCH-UPD
_b10
_c20130914
_lUCH01
_h0828
590 _aCONVERSION
_b10
_c20130109
_lUCH01
_h1334
650 1 4 _aCampesinado
_xSonora.
_918040
650 1 4 _aEjidos
_xSonora.
_936030
710 0 _aUniversidad Autónoma Metropolitana. Unidad Xochimilco.
901 _aBK
942 _cLIBRO
949 _a301.444 O8
_bBC
_cLIBRO
_d33724000284907
_eLIBRO
_h70855
_i68653
_si
949 _a301.444 O8
_bBC
_cLIBRO
_d33724000841466
_eLIBRO
_fc.2
_gDonaciØn
_h100801
_i68653
_si
999 _c62944
_d62944